Subjectivity : (Record no. 610288)

MARC details
000 -LEADER
fixed length control field 00497nam a2200193 a 4500
008 - FIXED-LENGTH DATA ELEMENTS--GENERAL INFORMATION
fixed length control field 260205s2007##################000#0#eng##
020 ## - INTERNATIONAL STANDARD BOOK NUMBER
ISBN 9780520247932
082 04 - DEWEY DECIMAL CLASSIFICATION NUMBER
Classification number 306
Item number BIE
100 1# - MAIN ENTRY--AUTHOR NAME
Personal name Biehl, João Guilherme,
245 10 - TITLE STATEMENT
Title Subjectivity :
260 ## - PUBLICATION, DISTRIBUTION, ETC. (IMPRINT)
Name of publisher Univ of California Press,
Year of publication 2007.
300 ## - PHYSICAL DESCRIPTION
Number of Pages 477 pages
650 #0 - SUBJECT ADDED ENTRY--TOPICAL TERM
Topical Term Philosophy.
942 ## - ADDED ENTRY ELEMENTS (KOHA)
Koha item type English Books
Holdings
Withdrawn status Lost status Damaged status Not for loan Home library Current library Shelving location Date acquired Full call number Accession Number Price effective from Koha item type
        Anna Centenary Library Anna Centenary Library 3RD FLOOR, B WING 05.02.2026 306 BIE 169004 05.02.2026 English Books

Find us on the map